| Поле | Название | Значение |
| |
Тип записи |
a |
| |
Библиографический уровень |
m |
| 001 |
Контрольный номер |
b758e94a21744a0eac5e1e3a7df74e67 |
| 005 |
Дата корректировки |
20151214094423.6 |
| 010 |
Индекс ISBN |
__ |
| a |
ISBN |
978-5-392-05167-0 |
| d |
Цена |
120.00 |
| 101 |
Язык документа |
0_ |
| a |
Язык текста |
rus |
| 102 |
Страна публикации |
__ |
| a |
Страна публикации |
RU |
| 200 |
Заглавие и сведения об ответственности |
1_ |
| a |
Заглавие |
Гражданский кодекс Российской Федерации. Части первая, вторая, третья и четвертая |
| e |
Сведения, относящиеся к заглавию |
по состоянию на 20 апр. 2012 г. |
| b |
Общее обозначение материала |
Текст |
| 210 |
Выходные данные |
1_ |
| d |
Дата издания |
2012 |
| c |
Издательство |
Проспект |
| a |
Место издания |
М. |
| 210 |
Выходные данные |
1_ |
| c |
Издательство |
КноРус |
| 215 |
Физическое описание |
__ |
| a |
Объем |
с. 542, [1] |
| 610 |
Ключевые слова |
0_ |
| a |
Ключевые слова |
гражданский кодекс |
| 610 |
Ключевые слова |
0_ |
| a |
Ключевые слова |
гражданское законодательство |
| 610 |
Ключевые слова |
0_ |
| a |
Ключевые слова |
гражданские права |
| 610 |
Ключевые слова |
0_ |
| a |
Ключевые слова |
физические лица |
| 610 |
Ключевые слова |
0_ |
| a |
Ключевые слова |
юридические лица |
| 610 |
Ключевые слова |
0_ |
| a |
Ключевые слова |
ценные бумаги |
| 610 |
Ключевые слова |
0_ |
| a |
Ключевые слова |
нематериальные блага |
| 610 |
Ключевые слова |
0_ |
| a |
Ключевые слова |
сделки |
| 610 |
Ключевые слова |
0_ |
| a |
Ключевые слова |
представительство |
| 610 |
Ключевые слова |
0_ |
| a |
Ключевые слова |
доверенность |
| 610 |
Ключевые слова |
0_ |
| a |
Ключевые слова |
исковая давность |
| 610 |
Ключевые слова |
0_ |
| a |
Ключевые слова |
право собственности |
| 610 |
Ключевые слова |
0_ |
| a |
Ключевые слова |
собственность |
| 610 |
Ключевые слова |
0_ |
| a |
Ключевые слова |
обязательство |
| 610 |
Ключевые слова |
0_ |
| a |
Ключевые слова |
договор |
| 610 |
Ключевые слова |
0_ |
| a |
Ключевые слова |
мена |
| 610 |
Ключевые слова |
0_ |
| a |
Ключевые слова |
дарение |
| 610 |
Ключевые слова |
0_ |
| a |
Ключевые слова |
рента |
| 610 |
Ключевые слова |
0_ |
| a |
Ключевые слова |
аренда |
| 610 |
Ключевые слова |
0_ |
| a |
Ключевые слова |
подряд |
| 610 |
Ключевые слова |
0_ |
| a |
Ключевые слова |
услуги |
| 610 |
Ключевые слова |
0_ |
| a |
Ключевые слова |
кредит |
| 610 |
Ключевые слова |
0_ |
| a |
Ключевые слова |
банковский вклад |
| 610 |
Ключевые слова |
0_ |
| a |
Ключевые слова |
страхование |
| 610 |
Ключевые слова |
0_ |
| a |
Ключевые слова |
управление имуществом |
| 610 |
Ключевые слова |
0_ |
| a |
Ключевые слова |
концессия |
| 610 |
Ключевые слова |
0_ |
| a |
Ключевые слова |
наследство |
| 610 |
Ключевые слова |
0_ |
| a |
Ключевые слова |
авторское право |
| 610 |
Ключевые слова |
0_ |
| a |
Ключевые слова |
патентное право |
| 686 |
Индексы других классификаций |
__ |
| a |
Классификационный индекс |
67.623.0-32 |
| 2 |
Код системы |
rubbk |
| 801 |
Источник записи |
_0 |
| a |
Страна |
RU |
| b |
Организация |
РУК |
| c |
Дата составления |
20140205 |
| g |
Правила каталогизации |
PSBO |
| 801 |
Источник записи |
_1 |
| a |
Страна |
RU |
| b |
Организация |
РУК |
| c |
Дата составления |
20140205 |
| g |
Правила каталогизации |
PSBO |
| 852 |
Данные о местонахождении |
__ |
| i |
Авторский знак |
Г 75 |
| 901 |
Тип документа |
__ |
| t |
Тип документа |
m |
| 938 |
Служебная информация |
__ |
| a |
Название организации |
Головной вуз |
| b |
Имя БД |
BOOK |
| c |
Название АИБС |
АИБС ИРБИС |